00610nam a2200145Ia 4500008004100000040001800041041000800059100002700067245013200094260005500226300001300281651006600294651004700360651005700407130821s1823 xx gr eng  aCo-BoUCMbspa00aeng1 aGual, Pedrod1784-186210aMessage of the executive Government of Colombia at the opening of the first constitutional Congress of the RepubliccPedro Gual a[Lugar desconocido]b[Editorial desconocida]c1823 a45 hojas 7aColombiabMinisterio de Relaciones ExterioresvInformesy1823 7aColombiabRelaciones internacionalesy1823 7aColombiaxAdministración públicavInformesy1823